Statistics for 3-Letter Scrabble Words that start with "T"

Click here to take the quiz!

General Stats

  • This quiz has been taken 481 times
  • The average score is 46 of 57

Answer Stats

Answer% Correct
tan
97%
tab
96%
tap
95%
tad
95%
top
95%
tag
95%
ton
94%
tar
94%
ten
94%
tip
94%
tin
94%
tam
93%
tea
91%
tat
90%
tom
90%
tow
89%
toe
89%
tax
89%
ted
89%
taw
88%
tie
87%
tic
86%
too
86%
tas
86%
tog
85%
tor
85%
tit
85%
tun
84%
tug
84%
tot
84%
tee
84%
tub
82%
toy
81%
tet
81%
tel
81%
tis
81%
tao
80%
til
80%
tae
80%
tup
80%
tav
79%
tod
79%
taj
78%
teg
78%
tau
77%
the
77%
tew
76%
tut
76%
try
68%
tux
67%
tho
66%
thy
62%
two
60%
tui
58%
tye
55%
twa
37%
tsk
15%

Score Distribution

Percentile by Number Answered

Percent of People with Each Score

Your Score History

You have not taken this quiz